The future of innovation / (Record no. 17898)
[ view plain ]
| 000 -LEADER | |
|---|---|
| fixed length control field | 01169cam a2200325 a 4500 |
| 001 - CONTROL NUMBER | |
| control field | 15835780 |
| 005 - DATE AND TIME OF LATEST TRANSACTION | |
| control field | 20140109134008.0 |
| 008 - FIXED-LENGTH DATA ELEMENTS--GENERAL INFORMATION | |
| fixed length control field | 090725r20092011xxko frb2 001 0 eng |
| 010 ## - LIBRARY OF CONGRESS CONTROL NUMBER | |
| LC control number | 2009029710 |
| 016 7# - NATIONAL BIBLIOGRAPHIC AGENCY CONTROL NUMBER | |
| Record control number | 015326466 |
| Source | Uk |
| 020 ## - INTERNATIONAL STANDARD BOOK NUMBER | |
| International Standard Book Number | 9780566092138 (pbk. : alk. paper) |
| 020 ## - INTERNATIONAL STANDARD BOOK NUMBER | |
| International Standard Book Number | 0566092131 (pbk. : alk. paper) |
| 040 ## - CATALOGING SOURCE | |
| Original cataloging agency | DLC |
| Transcribing agency | DLC |
| Modifying agency | BTCTA |
| -- | BWKUK |
| -- | YDXCP |
| -- | BWX |
| -- | UKM |
| -- | NTE |
| -- | DLC |
| 050 00 - LIBRARY OF CONGRESS CALL NUMBER | |
| Classification number | HC79.T4 |
| Item number | F89 2009 |
| 082 04 - DEWEY DECIMAL CLASSIFICATION NUMBER | |
| Classification number | 338.064 |
| Edition number | 22 |
| Item number | FUT |
| 245 04 - TITLE STATEMENT | |
| Title | The future of innovation / |
| Statement of responsibility, etc | edited by Bettina von Stamm and Anna Trifilova. |
| 250 ## - EDITION STATEMENT | |
| Edition statement | Reprinted. |
| 260 ## - PUBLICATION, DISTRIBUTION, ETC. (IMPRINT) | |
| Place of publication, distribution, etc | Farnham, United Kingdom ; |
| -- | Burlington, United States : |
| Name of publisher, distributor, etc | Gower, |
| Date of publication, distribution, etc | c.2009 |
| Manufacturer | (MPG Books Group) |
| 300 ## - PHYSICAL DESCRIPTION | |
| Extent | xxvi, 502 p. : |
| Other physical details | photograph ; |
| Dimensions | 25 cm. |
| 500 ## - GENERAL NOTE | |
| General note | Index : p. 489-502. |
| 500 ## - GENERAL NOTE | |
| General note | Reprint of the 2009 ed. |
| 504 ## - BIBLIOGRAPHY, ETC. NOTE | |
| Bibliography, etc | Includes bibliographical references. |
| 650 #0 - SUBJECT ADDED ENTRY--TOPICAL TERM | |
| Topical term or geographic name as entry element | Technological innovations |
| General subdivision | Forecasting. |
| 9 (RLIN) | 34771 |
| 650 #0 - SUBJECT ADDED ENTRY--TOPICAL TERM | |
| Topical term or geographic name as entry element | Technological innovations |
| General subdivision | Economic aspects. |
| 9 (RLIN) | 34772 |
| 653 ## - INDEX TERM--UNCONTROLLED | |
| Arrived date list | January2014 |
| Resource For college | |
| 655 ## - INDEX TERM--GENRE/FORM | |
| Form subdivision | |
| -- | 34232 |
| 700 1# - ADDED ENTRY--PERSONAL NAME | |
| Personal name | Von Stamm, Bettina |
| 9 (RLIN) | 34773 |
| 700 1# - ADDED ENTRY--PERSONAL NAME | |
| Personal name | Trifilova, Anna |
| 9 (RLIN) | 34774 |
| 942 ## - ADDED ENTRY ELEMENTS (KOHA) | |
| Source of classification or shelving scheme | Dewey Decimal Classification |
| Item type | Book - Borrowing |
| Call number prefix | 338.064 FUT |
| Withdrawn status | Item status | Source of classification or shelving scheme | Damaged status | Not for loan | Vendor | Home library | Current library | Shelving location | Date acquired | Source of acquisition | Total Checkouts | Full call number | Barcode | Date last seen | Koha item type |
|---|---|---|---|---|---|---|---|---|---|---|---|---|---|---|---|
| Dewey Decimal Classification | Baccah | Central Library | Central Library | First floor | 05/01/2014 | 338.064 FUT | 000035290 | 15/07/2025 | Book - Borrowing |